Normal view
MARC view
Entry Personal Name
001 - CONTROL NUMBER
- control field: 1236118
003 - CONTROL NUMBER IDENTIFIER
- control field: OSt
005 - DATE AND TIME OF LATEST TRANSACTION
- control field: 20260430145927.0
008 - FIXED-LENGTH DATA ELEMENTS
- fixed length control field: 260430|| aca||aabn | a|a d
040 ## - CATALOGING SOURCE
- Original cataloging agency: OSt
- Transcribing agency: OSt
100 ## - HEADING--PERSONAL NAME
- Personal name: Friedman, Sam
670 ## - SOURCE DATA FOUND
- Source citation: Work cat.: (OSt)1843534: Reeves, Aaron 1236117, Born to Rule : , 2024.
